000 01173cam a22003377a 4500
003 CHAP
005 20220329140605.0
008 971013s1951 r 00010 d
010 _a54388
011 _a55360
035 _a59512
040 _cCHAP
082 _a338.17361
_bS3
100 0 0 _aSandoval, Fernando B.
_9102183
245 1 3 _aLa industria del azúcar en Nueva España
260 _aMéxico :
_bUNAM. Instituto de Historia,
_c1951
300 _a373 p.
490 0 _aPublicaciones
_v; 21
590 _aBATCH-UPD
_b10
_c20130110
_lUCH01
_h2012
590 _aBATCH-UPD
_b10
_c20130410
_lUCH01
_h1331
590 _aBATCH-UPD
_b10
_c20130914
_lUCH01
_h0510
590 _aCONVERSION
_b10
_c20130109
_lUCH01
_h1329
650 1 4 _aAzúcar
_xAspectos económicos
_xMéxico.
_99140
650 1 4 _aAzúcar
_xFabricación y refinación
_xMéxico.
_99154
830 0 _aPublicaciones
_v; 21
_992668
901 _aBK
942 _cLIBRO
949 _a338.17361 S3
_bBC
_cLIBRO
_d33724000116901
_eLIBRO
_h28015
_i59512
_si
949 _a338.17361 S3
_bBC
_cLIBRO
_d33724000116919
_eLIBRO
_fc.2
_h13036
_i59512
_si
949 _a338.17361 S3
_bBC
_cLIBRO
_d33724000116927
_eLIBRO
_fc.3
_h13037
_i59512
_si
999 _c54388
_d54388